000 01701cam a22004694i 4500
003 PE-LiUPU
005 20250731173550.0
008 150616s1992 xxu rb 000 0 eng d
020 _a0802492657
035 _a(Sirsi) i9780802492654
040 _aPE-LiUPU
_bspa
_cPE-LiUPU
_erda
049 _aPRUA
082 0 4 _a228.077
_bT48
_221
100 1 _aThomas, Robert L.,
_eautor.
245 1 0 _aRevelation 1-7 :
_bAn Exegetical Commentary /
_cRobert L. Thomas.
264 1 _aChicago :
_bMoody Press,
_c1992.
300 _a524 páginas ;
_c24 centímetros
336 _atext
_2rdacontent
337 _aunmediated
_2rdamedia
338 _avolume
_2rdacarrier
504 _aBibliografía: páginas xvii-xxvii.
505 0 _aThe preparation of the prophet: his past vision -- The preparation of the people: their present condition -- The publication of the prophecy: its future expectation.
526 _aSEG42
526 _aSEG41
526 _aSEG40
526 _aSEG39
526 _aP94
526 _aP87
526 _aP86
526 _aP85
526 _aP77
526 _aP76
526 _aP35
630 _aBiblia.
_pN.T.
_pApocalipsis
_xComentarios.
910 _ajck
_bjvq
_cjck
942 _2ddc
_cBOOK
949 _a228.077 T48
_wDEWEY
_c1
_i43075
_d2016-6-9
_e2016-6-7
_lCCODEBUL1
_mBUL
_n2
_r0
_sY
_tBOOK
_u2015-6-16
_xTEOLOGIA
_zUNKNOWN
_0COMPRA
_o.STAFF. Colección Teología
994 _aC0
_bPEPRU
596 _a1
999 _a228.077 T48
_wDEWEY
_c61050
_i43075
_d61050
_e2016-6-7
_f2021-11-11
_g5
_lCCODEBUL1
_mBUL
_n2
_p20.00
_q8
_r0
_sY
_tBOOK
_u2015-6-16
_xTEOLOGIA
_PP35
_0COMPRA
_o.STAFF. Colección Teología
980 _81
_gALBERTO SANCHEZ Responsable de Automatización